[Event "FIN-ch"]
[Site "Helsinki"]
[Date "2006.06.13"]
[Round "4"]
[White "Lehti, Juhani"]
[Black "Topi Hulmi, Teemu"]
[Result "1/2-1/2"]
[WhiteElo "2183"]
[BlackElo "2281"]
[PlyCount "163"]
[EventDate "2006.06.10"]
[EventType "swiss"]
[EventRounds "9"]
[EventCountry "FIN"]
[SourceTitle "CBM 112 Extra"]
[Source "ChessBase"]
[SourceDate "2006.07.14"]
[SourceVersion "1"]
[SourceVersionDate "2006.07.14"]
[SourceQuality "1"]

1. e4 e5 2. Nf3 Nc6 3. Bb5 a6 4. Ba4 Nf6 5. 0-0 Be7 6. Re1 b5 7. Bb3 d6 8. c3 0-0 9. h3 Na5 10. Bc2 c5 11. d4 Qc7 12. Nbd2 cxd4 13. cxd4 Nc6 14. Nb3 a5 15. Be3 a4 16. Nbd2 Bd7 17. Rc1 Qb7 18. Bb1 Rfe8 19. Nf1 Rac8 20. Ng3 g6 21. d5 Na5 22. Nd2 Rxc1 23. Qxc1 Rc8 24. Qd1 Bd8 25. f4 Bb6 26. Qf3 Ne8 27. Kh2 Bxe3 28. Qxe3 Nc4 29. Nxc4 bxc4 30. fxe5 dxe5 31. Qa3 Qb6 32. Bc2 Nd6 33. Rb1 Qc5 34. Qxc5 Rxc5 35. Ne2 f5 36. Nc3 fxe4 37. Nxe4 Nxe4 38. Bxe4 Bf5 39. Re1 Bxe4 40. Rxe4 a3 41. bxa3 c3 42. Re1 Rxd5 43. Rc1 Rd3 44. a4 Kf7 45. a5 Ke6 46. a6 Rd6 47. Rxc3 Rxa6 48. Rc2 Kd5 49. Kg1 Kd4 50. Kf1 Kd3 51. Rb2 e4 52. Rb3+ Kd2 53. Rb2+ Kc3 54. Rb3+ Kc2 55. Re3 Ra4 56. Kf2 Kd2 57. Re2+ Kd3 58. Re3+ Kd4 59. Re2 Ra3 60. Rb2 h5 61. Ke2 Ke5 62. Kf2 Kf4 63. Ke2 g5 64. Kf2 g4 65. hxg4 hxg4 66. Ke2 Rc3 67. Kf2 g3+ 68. Ke2 Rc1 69. Kd2 Rf1 70. Kc3 Rf2 71. a4 e3 72. Rb4+ Ke5 73. Rb5+ Kd6 74. Rb6+ Kc5 75. Rb5+ Kc6 76. Kd3 e2 77. Re5 Rxg2 78. Rxe2 Rh2 79. Re6+ Kd5 80. Rg6 Ra2 81. Ke3 Rxa4 82. Rxg3 1/2-1/2

[Event "FIN-ch"]
[Site "Helsinki"]
[Date "2006.06.12"]
[Round "3"]
[White "Vuorisalo, Veli Matti"]
[Black "Lehti, Juhani"]
[Result "1/2-1/2"]
[WhiteElo "2184"]
[BlackElo "2183"]
[PlyCount "156"]
[EventDate "2006.06.10"]
[EventType "swiss"]
[EventRounds "9"]
[EventCountry "FIN"]
[SourceTitle "CBM 112 Extra"]
[Source "ChessBase"]
[SourceDate "2006.07.14"]
[SourceVersion "1"]
[SourceVersionDate "2006.07.14"]
[SourceQuality "1"]

1. c4 e6 2. g3 d5 3. Bg2 Nf6 4. Nf3 Be7 5. 0-0 0-0 6. b3 Nbd7 7. Bb2 b6 8. d4 Bb7 9. Nc3 c5 10. cxd5 Nxd5 11. Rc1 Rc8 12. Qd3 cxd4 13. Nxd4 Nc5 14. Qb1 Nxc3 15. Bxc3 Bxg2 16. Kxg2 Qd5+ 17. f3 Bg5 18. Rcd1 Qe5 19. Qb2 Na6 20. e4 Bf6 21. Rd3 Qc5 22. Qd2 h6 23. Rc1 Nb4 24. Bxb4 Qxc1 25. Bxf8 Bxd4 26. Qxc1 Rxc1 27. Bb4 e5 28. Rd2 f6 29. Ba3 Ra1 30. Rc2 Kh7 31. Bf8 Kg8 32. Ba3 a5 33. Kh3 g6 34. Rc8+ Kf7 35. Rc7+ Ke8 36. Rc2 Kd7 37. Bc1 h5 38. f4 b5 39. Kh4 exf4 40. gxf4 Kd6 41. Kg3 b4 42. Kf3 Bc3 43. Ke2 f5 44. e5+ Kd5 45. h4 Ke4 46. e6 Bf6 47. Bb2 Rxa2 48. Kd1 Bxh4 49. Kc1 a4 50. Re2+ Kf3 51. e7 Bxe7 52. Rxe7 Kxf4 53. Rb7 axb3 54. Rxb4+ Kg5 55. Rxb3 f4 56. Kd1 Kh4 57. Ke2 Kg4 58. Kf1 Ra5 59. Kg2 g5 60. Kh2 Rd5 61. Ba3 Rd2+ 62. Kg1 f3 63. Bb4 Rg2+ 64. Kh1 h4 65. Be7 h3 66. Bxg5 f2 67. Rb1 Kxg5 68. Rb5+ Kh6 69. Rh5+ Kg7 70. Rh7+ Kf6 71. Rf7+ Ke5 72. Rf5+ Ke4 73. Rf4+ Ke3 74. Re4+ Kd2 75. Re2+ Kd1 76. Rd2+ Ke1 77. Re2+ Kf1 78. Re1+ fxe1Q 1/2-1/2

[Event "FIN-ch"]
[Site "Helsinki"]
[Date "2006.06.11"]
[Round "2"]
[White "Lehti, Juhani"]
[Black "Parkkinen, Jyrki"]
[Result "1/2-1/2"]
[WhiteElo "2183"]
[BlackElo "2218"]
[PlyCount "94"]
[EventDate "2006.06.10"]
[EventType "swiss"]
[EventRounds "9"]
[EventCountry "FIN"]
[SourceTitle "CBM 112 Extra"]
[Source "ChessBase"]
[SourceDate "2006.07.14"]
[SourceVersion "1"]
[SourceVersionDate "2006.07.14"]
[SourceQuality "1"]

1. e4 d6 2. d4 Nf6 3. Bd3 c6 4. Nf3 Bg4 5. 0-0 Nbd7 6. Re1 Qc7 7. c3 e6 8. h3 Bh5 9. Bf4 Be7 10. Nbd2 0-0 11. Nf1 Bg6 12. Ng3 Nh5 13. Qd2 e5 14. Bg5 Bxg5 15. Qxg5 Nf4 16. Bc4 Qd8 17. Qxd8 Raxd8 18. Rad1 Nb6 19. Bb3 exd4 20. Nxd4 d5 21. Ndf5 Rfe8 22. exd5 Nfxd5 23. Nd6 Rxe1+ 24. Rxe1 Rb8 25. Nxb7 h5 26. Nc5 a5 27. Nge4 a4 28. Nxa4 Nxa4 29. Bxa4 Bxe4 30. Rxe4 Rxb2 31. Bb3 Nxc3 32. Re8+ Kh7 33. Bxf7 h4 34. Bc4 Nxa2 35. Bg8+ Kg6 36. Re6+ Kg5 37. Rxc6 Nb4 38. Rc5+ Kf6 39. Rc4 g5 40. Bh7 Nd5 41. Rc5 Nf4 42. Be4 Re2 43. Bf3 Ra2 44. Bg4 Ra1+ 45. Kh2 Ra2 46. Kg1 Ra1+ 47. Kh2 Ra2 1/2-1/2

[Event "FIN-ch"]
[Site "Helsinki"]
[Date "2006.06.10"]
[Round "1"]
[White "Nouro, Mikael"]
[Black "Lehti, Juhani"]
[Result "1-0"]
[WhiteElo "2362"]
[BlackElo "2183"]
[PlyCount "115"]
[EventDate "2006.06.10"]
[EventType "swiss"]
[EventRounds "9"]
[EventCountry "FIN"]
[SourceTitle "CBM 112 Extra"]
[Source "ChessBase"]
[SourceDate "2006.07.14"]
[SourceVersion "1"]
[SourceVersionDate "2006.07.14"]
[SourceQuality "1"]

1. e4 e5 2. Nf3 Nc6 3. Bb5 a6 4. Ba4 Nf6 5. d4 exd4 6. 0-0 Nxe4 7. Re1 d5 8. Nxd4 Bd6 9. Nxc6 Bxh2+ 10. Kh1 Qh4 11. Rxe4+ dxe4 12. Qd8+ Qxd8 13. Nxd8+ Kxd8 14. Kxh2 Be6 15. Bb3 Bxb3 16. axb3 f5 17. Nc3 c6 18. Na4 Ke7 19. Bg5+ Kf7 20. Nc5 b5 21. Rd1 h6 22. Rd7+ Kg6 23. Bf4 Rhd8 24. Rc7 Rac8 25. Rb7 Kf6 26. c3 g5 27. Be3 Kg6 28. Bd4 Kh5 29. Nxa6 f4 30. Nc5 Re8 31. Rg7 Rcd8 32. Kh3 Rg8 33. Rxg8 Rxg8 34. Nxe4 Ra8 35. Nf6+ Kg6 36. Ng4 Ra1 37. Kh2 Rb1 38. Ne5+ Kf5 39. Nxc6 Rxb2 40. b4 Rc2 41. Na7 h5 42. Nxb5 g4 43. Nd6+ Kg5 44. b5 h4 45. b6 Rc1 46. g3 fxg3+ 47. fxg3 Rc2+ 48. Kg1 Rc1+ 49. Kh2 Rc2+ 50. Kh1 Rc1+ 51. Bg1 hxg3 52. b7 Rb1 53. Kg2 Kf4 54. c4 Rb2+ 55. Kh1 Kg5 56. Nb5 Kh4 57. b8Q Kh3 58. Qh8# 1-0